| 000 | 01413cam a2200349 a 4500 | ||
|---|---|---|---|
| 999 |
_c3755 _d3755 |
||
| 001 | 13321601 | ||
| 003 | Nust | ||
| 005 | 20180117090012.0 | ||
| 008 | 030822s2004 njua b 001 0 eng | ||
| 010 | _a 2003276106 | ||
| 020 | _a0471444669 | ||
| 020 | _a0470009934 (pbk.) | ||
| 020 | _a0471452238 (intl. ed.) | ||
| 040 |
_aDLC _cDLC _dDLC |
||
| 050 | 0 | 0 |
_aHD30.22 _b.T78 2004 |
| 082 | 0 | 4 |
_a338.5/024/658 _221 |
| 100 | 1 |
_aTruett, Lila J. _q(Lila Jean) |
|
| 245 | 1 | 0 |
_aManagerial economics : _banalysis, problems, cases / _cLila J. Truett, Dale B. Truett. |
| 250 | _a8th ed. | ||
| 260 |
_aHoboken, NJ : _bWiley, _cc2004. |
||
| 300 |
_axxvi, 742 p. : _bill. ; _c24 cm. |
||
| 504 | _aIncludes bibliographical references and index. | ||
| 650 | 0 | _aManagerial economics. | |
| 700 | 1 | _aTruett, Dale B. | |
| 856 | 4 | 2 |
_3Contributor biographical information _uhttp://www.loc.gov/catdir/bios/wiley045/2003276106.html |
| 856 | 4 | 2 |
_3Publisher description _uhttp://www.loc.gov/catdir/description/wiley039/2003276106.html |
| 856 | 4 | 1 |
_3Table of contents _uhttp://www.loc.gov/catdir/toc/wiley032/2003276106.html |
| 906 |
_a7 _bcbc _corigcop _d3 _encip _f20 _gy-gencatlg |
||
| 942 |
_2ddc _cBK |
||